| 000 | 00810cam a22002773a 4500 | ||
|---|---|---|---|
| 001 | 3743 | ||
| 003 | PGUSA | ||
| 005 | 20140828083037.0 | ||
| 008 | 030201s2003||||xxu|||||s|||||000 | eng d | ||
| 040 |
_aPGUSA _beng |
||
| 042 | _adc | ||
| 050 | 4 | _aBL | |
| 050 | 4 | _aJC | |
| 100 | 1 |
_aPaine, Thomas, _d1737-1809 |
|
| 245 | 1 | 4 |
_aThe Writings of Thomas Paine — Volume 4 (1794-1796) : _bThe Age of Reason _h[electronic resource] / _cThomas Paine |
| 260 |
_bProject Gutenberg, _c2003 |
||
| 506 | _aPublic domain in the USA. | ||
| 516 | _aElectronic text | ||
| 653 | _aPhilosophy and religion | ||
| 653 | _aPolitical science | ||
| 653 | _aRationalism | ||
| 700 | 1 |
_aConway, Moncure Daniel, _d1832-1907 |
|
| 830 | 0 |
_aProject Gutenberg _v3743 |
|
| 856 | 4 | 0 | _uhttp://www.gutenberg.org/ebooks/3743 |
| 942 | _cEB | ||
| 999 |
_c233072 _d233072 |
||